[Event "BL2-S9293"]
[Site "Germany"]
[Date "1993.??.??"]
[Round "?"]
[White "Zuse, Klaus Peter"]
[Black "Mandel, Andreas"]
[Result "1/2-1/2"]
[WhiteElo "2280"]
[BlackElo "2370"]

1.e4 c5 2.Nf3 d6 3.d4 cxd4 4.Nxd4 Nf6 5.Nc3 Nc6 6.Bg5 e6 7.Qd2 a6 8.O-O-O Bd7
9.Be2 h6 10.Be3 b5 11.a3 Be7 12.f4 Rc8 13.g4 Qa5 14.Nb3 Qc7 15.h4 Na5 16.Nxa5 Qxa5  1/2-1/2

[Event "Gladsaxe"]
[Site "Gladsaxe"]
[Date "1993.??.??"]
[Round "3"]
[White "Danielsen, Heini"]
[Black "Jakobsen, Ole"]
[Result "1-0"]
[WhiteElo "2095"]
[BlackElo "2365"]

1.e4 c5 2.Nf3 d6 3.d4 cxd4 4.Nxd4 Nf6 5.Nc3 Nc6 6.Bg5 e6 7.Qd2 a6 8.O-O-O Qb6
9.Nb3 Be7 10.f4 O-O 11.Qe1 Qc7 12.Bd3 h6 13.Bh4 b5 14.g4 b4 15.Ne2 a5 16.g5 hxg5
17.Bxg5 a4 18.Nbd4 b3 19.axb3 axb3 20.Qh4 bxc2 21.Rdg1 Nxd4 22.Nxd4 Ra1+
23.Kd2 c1=Q+ 24.Rxc1 Qa5+ 25.Ke3 Rxc1 26.Rxc1 e5 27.Nc6 Qb6+ 28.Kf3 Bg4+
29.Kg2 Bd8 30.Nxd8 Qxd8 31.Bxf6 Qxf6 32.Qxg4 exf4 33.Rc2 Qd4 34.Rc3 Rb8 35.Rc8+ Rxc8
36.Qxc8+ Kh7 37.Qc3 Qe3 38.e5+ Kh6 39.exd6 f3+ 40.Kf1 Qg5 41.Qc2 Qd5 42.Qd2+ g5
43.h4 f6 44.hxg5+ fxg5 45.Qh2+ Kg7 46.Qh7+ Kf8 47.Qf5+  1-0

[Event "Gladsaxe"]
[Site "Gladsaxe"]
[Date "1993.??.??"]
[Round "4"]
[White "Jorgensen, Brian Jorgen"]
[Black "Fuglsang, Flemming"]
[Result "1/2-1/2"]
[WhiteElo "2270"]
[BlackElo "2260"]

1.e4 c5 2.Nf3 Nc6 3.d4 cxd4 4.Nxd4 Nf6 5.Nc3 d6 6.Bg5 e6 7.Qd2 Be7 8.O-O-O a6
9.f4 Bd7 10.Nxc6 Bxc6 11.Qe1 Qb6 12.Bxf6 Bxf6 13.Rxd6 Qb4 14.Rd3 O-O 15.a3 Bxc3
16.Rxc3 Qxe4 17.Qxe4 Bxe4 18.Rg1 Rfd8 19.g3 Rd4 20.Be2 Rad8 21.Rd1 Rxd1+
22.Bxd1 h6 23.Bf3 Bxf3 24.Rxf3 g5 25.c3 Kg7 26.Kc2 Kg6 27.Rd3 Rxd3 28.Kxd3 gxf4
29.gxf4 Kf5 30.Ke3 b5 31.b3 e5 32.fxe5 Kxe5 33.h4 a5 34.h5 a4 35.bxa4 bxa4
36.c4 Kd6 37.Kd4 Kc6 38.c5 f6 39.Kc4 f5 40.Kd4 f4 41.Ke4 Kxc5 42.Kxf4 Kc4
43.Ke4 Kb3 44.Kd3 Kxa3 45.Kc3 Ka2 46.Kc2 a3 47.Kc1 Kb3 48.Kb1 a2+ 49.Ka1 Ka3  1/2-1/2

[Event "Gran Canaria op"]
[Site "Gran Canaria"]
[Date "1993.??.??"]
[Round "4"]
[White "Shchekachev, Andrei"]
[Black "Tseshkovsky, Vitaly"]
[Result "0-1"]
[WhiteElo "2495"]
[BlackElo "2540"]

1.e4 c5 2.Nf3 Nc6 3.d4 cxd4 4.Nxd4 Nf6 5.Nc3 d6 6.Bg5 e6 7.Qd2 a6 8.O-O-O Bd7
9.f3 Qc7 10.h4 Be7 11.Kb1 Rb8 12.g4 Ne5 13.Be3 b5 14.Bd3 b4 15.Nce2 d5 16.g5 dxe4
17.gxf6 exd3 18.fxe7 dxe2 19.Qxe2 Nc4 20.Bf2 Rc8 21.Rhg1 g6 22.h5 e5 23.Nb3 Bb5
24.Qe4 Qxe7 25.Bc5 f5 26.Qd5 Qf7 27.Bxb4 Qxd5 28.Rxd5 Kf7 29.Na5 Nxa5 30.Bxa5 Bc6
31.hxg6+ hxg6 32.Rd6 Bxf3 33.Rdxg6 Bg4 34.Rxa6 f4 35.a4 f3 36.Rd6 Bf5 37.Rd2 Rxc2
38.Ka2 Be6+ 39.Ka3 f2  0-1

[Event "GRE-ch"]
[Site "GRE"]
[Date "1993.??.??"]
[Round "4"]
[White "Pandavos, Panayotis"]
[Black "Kotronias, Vasilios"]
[Result "1/2-1/2"]
[WhiteElo "2360"]
[BlackElo "2590"]

1.e4 c5 2.Nf3 Nc6 3.d4 cxd4 4.Nxd4 Nf6 5.Nc3 d6 6.Bg5 e6 7.Qd2 a6 8.O-O-O h6
9.Bf4 Bd7 10.Nxc6 Bxc6 11.e5 Nh5 12.exd6 Nxf4 13.Qxf4 Qg5 14.Qxg5 hxg5 15.b4 Kd7
16.a4 b6 17.Bxa6 Rxa6 18.b5 Bxb5 19.axb5 Ra5 20.Rd4 Ra1+ 21.Nb1 f5 22.Rhd1 Rh4
23.g4 Rxg4 24.Rxg4 fxg4 25.Kb2 Ra4 26.Kb3 Ra1 27.Kb2 Ra4 28.Kb3 Rf4 29.Na3 Rf5
30.Nc4 Rxb5+ 31.Ka4 Kc6 32.d7 Rb4+ 33.Ka3 Rb1+ 34.Nd6 Kxd7 35.Rxb1 Bxd6+
36.Ka4 Kc6 37.Re1 Kd5 38.Kb5 Bc5 39.c4+ Kd6 40.Re4 Bxf2 41.Rxg4 Ke5 42.Rxg5+ Kf6
43.Rg2 Bd4 44.Kc6 Kf5 45.Re2 g5 46.h3 Bc5 47.Re1 Bd4 48.Re2 Bc5 49.Re1 Bd4
50.Kd7 e5 51.Rf1+ Kg6 52.Ke6 g4 53.hxg4 Kg5 54.Kd5 Kxg4 55.Ke4 Kg3 56.Rf3+ Kg2
57.Rf6 Kg3 58.Rf7 Kg2 59.Rf3 Bc5 60.Rf7 Bd4 61.Ra7 Kf2 62.Ra2+ Ke1 63.Kd3 Kd1
64.Rd2+ Kc1  1/2-1/2

[Event "GRE-ch"]
[Site "GRE"]
[Date "1993.??.??"]
[Round "6"]
[White "Vouldis, Angelos"]
[Black "Kofidis, Andreas"]
[Result "0-1"]
[WhiteElo "2285"]
[BlackElo "2400"]

1.e4 c5 2.Nf3 d6 3.d4 cxd4 4.Nxd4 Nf6 5.Nc3 Nc6 6.Bg5 e6 7.Bb5 Bd7 8.Bxc6 bxc6
9.Qf3 e5 10.Nf5 Bxf5 11.Qxf5 Be7 12.O-O-O O-O 13.h4 Rb8 14.g4 Rb7 15.Qf3 Ne8
16.Be3 Nc7 17.g5 Ne6 18.Qg4 Qa5 19.Rd3 Rd8 20.h5 d5 21.exd5 cxd5 22.g6 Bf6
23.h6 hxg6 24.hxg7 e4 25.Qh3 Bxg7 26.Qh7+ Kf8 27.Bh6 exd3 28.Bxg7+ Nxg7 29.Qh8+ Ke7
30.Qxg7 d2+ 31.Kd1 Rb6 32.Qe5+ Re6 33.Qg5+ Kd7 34.Rh7 Rf8 35.Rh4 Qa6 36.Kxd2 Qf1
37.Qf4 Qe1+ 38.Kd3 Qf1+ 39.Kd2 g5 40.Qa4+ Kc8 41.Rh2 d4 42.Ne4 Qa6 43.Qb4 Rfe8
44.f3 Qb6 45.Qc4+ Kb8 46.Nc5 Rd6 47.Rh6 Ka8 48.Rh7 g4 49.Rxf7 Qxb2 50.Ne4 Qa3
51.Qc7 Rb6 52.Qf4 gxf3 53.c3 dxc3+ 54.Kd1 c2+  0-1

[Event "Groningen PCA"]
[Site "Groningen"]
[Date "1993.??.??"]
[Round "1"]
[White "Illescas Cordoba, Miguel"]
[Black "Ruban, Vadim"]
[Result "1/2-1/2"]
[WhiteElo "2625"]
[BlackElo "2590"]

1.e4 c5 2.Nf3 d6 3.d4 cxd4 4.Nxd4 Nf6 5.Nc3 Nc6 6.Bg5 e6 7.Qd2 a6 8.O-O-O h6
9.Be3 Be7 10.f4 Nxd4 11.Bxd4 b5 12.Qe3 O-O 13.Bxf6 gxf6 14.f5 Kh7 15.Bd3 e5
16.Be2 Bb7 17.Rhf1 Rc8 18.Rf3 Rg8 19.Rh3 Bf8 20.Bh5 Qc7 21.Qe2 Rg5 22.g4 Rg8
23.Kb1 Kg7 24.Rhd3 Qc4 25.h4 Be7 26.Qg2 b4 27.Nd5 Bxd5 28.Rxd5 Rc5 29.R5d2 Rc7
30.Rf2 Kf8 31.Qf3 a5 32.Qe3 Rh8 33.Rd5 a4 34.Ra5 d5 35.Ra8+ Rc8 36.b3 Qc6
37.Rxc8+ Qxc8 38.Rf3 d4 39.Qd3 a3 40.Qb5 Qc5 41.Qe2 Kg7 42.Rd3  1/2-1/2

[Event "Groningen PCA"]
[Site "Groningen"]
[Date "1993.??.??"]
[Round "2"]
[White "Dolmatov, Sergey"]
[Black "Tukmakov, Vladimir B"]
[Result "1/2-1/2"]
[WhiteElo "2630"]
[BlackElo "2600"]

1.e4 c5 2.Nf3 d6 3.d4 cxd4 4.Nxd4 Nf6 5.Nc3 Nc6 6.Bg5 e6 7.Qd2 a6 8.O-O-O h6
9.Be3 Bd7 10.f3 b5 11.Nxc6 Bxc6 12.Kb1 Qc7 13.Bd3 Be7 14.Qf2 Nd7 15.h4 Ne5
16.Bb6 Qb7 17.Bd4 Bf6 18.g4 O-O-O 19.a3 g5 20.h5 Kb8 21.Be2 Rc8 22.Rd2 Ka8
23.Rhd1 Rb8 24.Na2 Be7 25.Nb4 Rhc8 26.Nxc6 Rxc6 27.Bxe5 dxe5 28.c3 Rbc8 29.Qh2 Rc5
30.Bd3 a5 31.Bc2 R8c7 32.Bb3 Qc6 33.Qe2 Kb8  1/2-1/2

[Event "Groningen op"]
[Site "Groningen"]
[Date "1993.??.??"]
[Round "8"]
[White "Berelovich, Aleksandar"]
[Black "Avrukh, Boris"]
[Result "1-0"]
[WhiteElo "2510"]
[BlackElo "2440"]

1.e4 c5 2.Nf3 d6 3.d4 cxd4 4.Nxd4 Nf6 5.Nc3 Nc6 6.Bg5 e6 7.Qd2 Be7 8.O-O-O Nxd4
9.Qxd4 O-O 10.f4 Qa5 11.Bc4 Bd7 12.e5 dxe5 13.fxe5 Bc6 14.Bd2 Nd7 15.Nd5 Qc5
16.Nxe7+ Qxe7 17.Rhe1 Nb6 18.Bf1 Rfd8 19.Qg4 Qc5 20.Qb4 Qf2 21.Qf4 Qxf4 22.Bxf4 Rxd1+
23.Rxd1 Rc8 24.Rd4 f6 25.exf6 gxf6 26.Bd2 f5 27.c4 Nd7 28.b3 Nf6 29.Rh4 Ng4
30.Be2 Ne5 31.Rh3 Ng6 32.Bf3 e5 33.Bxc6 Rxc6 34.Rd3 Rc7 35.Kd1 Kf7 36.Rd6 Ke7
37.Rd5 Ke6 38.Ke2 Ne7 39.Rd3 Nc6 40.Rh3 Rg7 41.g3 Ne7 42.Rh6+ Ng6 43.h4 Kd7
44.Bc3 Nh8 45.Kf3 Nf7 46.Rf6 Ke7 47.Rxf5 Ke6 48.Rh5 h6 49.g4 Rg6 50.Rf5 Rg8
51.Bd2 Rd8 52.Be3 Rd1 53.Rh5 Rf1+ 54.Ke4 Re1 55.c5 Ra1 56.g5 hxg5 57.hxg5 Rxa2
58.g6 Nd8 59.Rh8 Nc6 60.g7 Ne7 61.g8=Q+ Nxg8 62.Rxg8 Rb2 63.Ra8 Rxb3 64.Rxa7 Rb4+
65.Kf3 Kd5 66.Ra8 Rh4 67.Rd8+ Kc6 68.Rd6+ Kc7 69.Re6 Ra4 70.Rxe5 Rb4 71.Re4 Rb1
72.Kf4 Rh1 73.Re7+ Kc6 74.Re6+ Kc7 75.Ke4 Kd7 76.Rg6 Re1 77.Kd3 Rf1 78.Kc4 Kc7
79.Bd4 Rf5 80.Kb5 Rd5 81.Rg7+ Kc8 82.Bc3 Rd1 83.Ba5 Rb1+ 84.Kc4 Rc1+ 85.Kd5  1-0

[Event "Groningen op"]
[Site "Groningen"]
[Date "1993.??.??"]
[Round "9"]
[White "Vescovi, Giovanni"]
[Black "Filipenko, Alexander V"]
[Result "1-0"]
[WhiteElo "2340"]
[BlackElo "2435"]

1.e4 c5 2.Nf3 Nc6 3.d4 cxd4 4.Nxd4 Nf6 5.Nc3 d6 6.Bg5 e6 7.Qd2 a6 8.O-O-O Bd7
9.f3 h6 10.Be3 Qc7 11.g4 Ne5 12.h4 b5 13.Bd3 g6 14.Nce2 d5 15.exd5 Nxd5 16.Kb1 Nxd3
17.Qxd3 Rc8 18.Bd2 h5 19.Nc3 Nb4 20.Qe4 Be7 21.Bg5 Bc6 22.Nxe6 Bxe4 23.Nxc7+ Rxc7
24.Nxe4 hxg4 25.fxg4 Bxg5 26.Nxg5 Nc6 27.Ne4 Ke7 28.Rde1 Kd8 29.h5 Re7 30.Rd1+ Kc7
31.Nf6 Kb7 32.h6 g5 33.Rdf1 Re6 34.h7 Ne7 35.Rh5 Ng6 36.Rxg5 Nf4 37.Rg8  1-0

[Event "Groningen op"]
[Site "Groningen"]
[Date "1993.??.??"]
[Round "10"]
[White "Svidler, Peter"]
[Black "Obodchuk, Andrei"]
[Result "1-0"]
[WhiteElo "2495"]
[BlackElo "2385"]

1.e4 c5 2.Nf3 Nc6 3.d4 cxd4 4.Nxd4 Nf6 5.Nc3 d6 6.Bg5 Bd7 7.Qd2 Rc8 8.f4 h6
9.Bxf6 gxf6 10.O-O-O Nxd4 11.Qxd4 Qa5 12.Kb1 Qc5 13.Qd3 e6 14.Be2 Rc6 15.f5 Kd8
16.Bh5 Be8 17.e5 Qxe5 18.Bf3 Qxf5 19.Qxf5 exf5 20.Bxc6 bxc6 21.Rhf1 Bd7 22.Ne2 Rg8
23.g3 Kc7 24.Nd4 Rg5 25.Rd2 d5 26.Rdf2 Bc5 27.c3 Bc8 28.Kc2 Rg8 29.Rf3 Re8
30.Kd2 Bxd4 31.cxd4 Kd6 32.Rf4 c5 33.dxc5+ Kxc5 34.Rc1+ Kd6 35.Ra4 a6 36.Rb4 Be6
37.Rb6+ Ke5 38.Rxa6 Rb8 39.Re1+ Kd4 40.Ra4+ Kc5 41.b3 Rb6 42.Kd3 Bd7 43.Rc1+ Kd6
44.Rh4 Ra6 45.Rc2 Ke5 46.Re2+ Kd6 47.Rf2 Bb5+ 48.Kd4  1-0

[Event "Haifa"]
[Site "Haifa"]
[Date "1993.??.??"]
[Round "?"]
[White "Tseitlin, Mark D"]
[Black "Greenfeld, Alon"]
[Result "0-1"]
[WhiteElo "2460"]
[BlackElo "2560"]

1.e4 c5 2.Nf3 d6 3.d4 cxd4 4.Nxd4 Nf6 5.Nc3 Nc6 6.Bg5 a6 7.Qd2 e6 8.O-O-O h6
9.Be3 Be7 10.f4 Bd7 11.h3 b5 12.Bd3 Nxd4 13.Bxd4 b4 14.Ne2 e5 15.Be3 Qa5
16.Kb1 O-O 17.g4 Rfd8 18.g5 hxg5 19.fxg5 Be6 20.Nc1 Nh5 21.Qf2 Rab8 22.Nb3 Qc7
23.Be2 g6 24.Bxh5 gxh5 25.Qf3 Kg7 26.Qxh5 Rh8 27.Qf3 Rh4 28.Bf2 Rf4 29.Qe3 Rc8
30.Rd2 Qc4 31.Re2 a5 32.Nc1 a4 33.Bg3 b3 34.axb3 axb3 35.Nxb3 Bxg5 36.Bxf4 Bxf4
37.Rg2+ Kf6 38.Qf2 Ke7 39.Qa7+ Rc7 40.Qa5 Rc6 41.Qa7+ Rc7 42.Qa8 Be3 43.Rd1 Ra7
44.Qb8 Qa6 45.Na5 Qxa5 46.Qxd6+ Kf6 47.Rf1+ Bf4 48.Rxf4+ exf4 49.Qxf4+ Ke7
50.Qg5+ Qxg5 51.Rxg5 Ra4 52.e5 Bxh3 53.Rh5 Bg4 54.Rg5 Ke6 55.b3 Re4 56.Kb2 Bf3
57.Rg3 Re3 58.Kc1 Kxe5 59.Kd2 Kd4 60.Rg8 Re2+ 61.Kc1 Be4  0-1

[Event "Wichern op"]
[Site "Hamburg"]
[Date "1993.??.??"]
[Round "6"]
[White "Enders, Peter"]
[Black "Schirm, Friedmar"]
[Result "1-0"]
[WhiteElo "2480"]
[BlackElo "2310"]

1.e4 c5 2.Nf3 Nc6 3.d4 cxd4 4.Nxd4 Nf6 5.Nc3 d6 6.Bg5 e6 7.Qd2 Be7 8.O-O-O Nxd4
9.Qxd4 O-O 10.e5 dxe5 11.Qxe5 Qe8 12.Be2 Bd7 13.Qg3 Kh8 14.Rd4 Bc6 15.Bd3 Nh5
16.Qh4 f6 17.Bd2 e5 18.Rc4 f5 19.Bg5 Bxg5+ 20.Qxg5 h6 21.Qe3 Nf4 22.Rc5 Nxg2
23.Qxe5 Qxe5 24.Rxe5 Rae8 25.Rxe8 Rxe8 26.Rf1 f4 27.b4 g5 28.b5 Bf3 29.Kd2 b6
30.Rb1 Bb7 31.Rb4 Nh4 32.Ra4 Nf3+ 33.Kc1 Nxh2 34.Rxa7 Re7 35.Kb2 g4 36.Nd5 Bxd5
37.Rxe7 g3 38.fxg3 fxg3 39.Rh7+ Kg8 40.Rxh6 g2 41.Rg6+ Kf7 42.Kc3 Bf3 43.Rg3 Ke6
44.Kd4 Nf1 45.Rg6+ Kf7 46.Ke5  1-0

[Event "Wichern op"]
[Site "Hamburg"]
[Date "1993.??.??"]
[Round "9"]
[White "Enders, Peter"]
[Black "Wegener, Dirk"]
[Result "1-0"]
[WhiteElo "2480"]
[BlackElo "2295"]

1.e4 c5 2.Nf3 d6 3.d4 cxd4 4.Nxd4 Nf6 5.Nc3 Nc6 6.Bg5 e6 7.Qd2 a6 8.O-O-O h6
9.Be3 Nxd4 10.Bxd4 b5 11.f3 Be7 12.Bxf6 gxf6 13.Kb1 Bb7 14.Bd3 Qb6 15.f4 O-O-O
16.f5 Kb8 17.fxe6 fxe6 18.Rhf1 h5 19.Ne2 d5 20.exd5 Rxd5 21.Nf4 Rg5 22.g3 Rd8
23.Qe2 Re5 24.Qd2 Rg5 25.h4 Rxg3 26.Nxh5 Rg2 27.Qe1 Qc5 28.Nf4 Rxd3 29.Nxd3 Qxc2+
30.Ka1 Bd5 31.Qa5 Bc5 32.Qd8+ Kb7 33.Qxf6 Bxa2 34.Nxc5+ Qxc5 35.Qd8 Bd5 36.Rf7+ Kc6
37.Qc7+  1-0

[Event "Hastings op9394"]
[Site "Hastings"]
[Date "1993.??.??"]
[Round "?"]
[White "McDonald, Neil R"]
[Black "Plaskett, Jim"]
[Result "0-1"]
[WhiteElo "2410"]
[BlackElo "2465"]

1.e4 c5 2.Nf3 d6 3.d4 cxd4 4.Nxd4 Nf6 5.Nc3 Nc6 6.Bg5 e6 7.Qd2 a6 8.O-O-O h6
9.Bf4 Bd7 10.Nxc6 Bxc6 11.Qe1 Qc7 12.h4 Rc8 13.f3 b5 14.a3 Nd7 15.Qd2 Ne5
16.Bg3 Be7 17.f4 Nd7 18.h5 Bf6 19.Qxd6 Bxc3 20.bxc3 Bxe4 21.c4 bxc4 22.Qxc7 Rxc7
23.f5 e5 24.Rh4 Bxf5 25.Rxc4 Rxc4 26.Bxc4 Ke7 27.Bxa6 Bg4 28.Rd3 Bxh5 29.Be1 Bg4
30.Bb4+ Kf6 31.Bb5 Nb8 32.a4 Rc8 33.a5 Bf5 34.Rd6+ Kg5 35.c3 Be4 36.a6 Nc6
37.Bc5 Nd4 38.cxd4 exd4 39.Bc6 Rxc6 40.Rxc6 Bxc6 41.Bxd4 f6 42.g3 Kg4 43.Bf2 Kf3
44.Be1 h5 45.a7 g5 46.Kd2 Be4 47.Kc3 Ke2 48.Kd4 Ba8 49.Bb4 Kf2 50.Bd6 Kf3
51.Kd3 f5 52.Kd2 f4 53.gxf4 g4 54.Be7 Kg3 55.Ke2 h4 56.Bb4 h3  0-1

[Event "Heraklio op"]
[Site "Heraklio"]
[Date "1993.??.??"]
[Round "4"]
[White "Arakhamia, Ketevan"]
[Black "Kotronias, Vasilios"]
[Result "0-1"]
[WhiteElo "2440"]
[BlackElo "2590"]

1.e4 c5 2.Nf3 Nc6 3.d4 cxd4 4.Nxd4 Nf6 5.Nc3 d6 6.Bg5 e6 7.Qd2 a6 8.O-O-O h6
9.Be3 Qc7 10.f3 Rb8 11.g4 b5 12.h4 Ne5 13.Rg1 g6 14.g5 hxg5 15.hxg5 Nfd7
16.b3 Nc5 17.Bxb5+ axb5 18.Ndxb5 Ncd3+ 19.Kb1 Qd7 20.f4 Rxb5 21.Nxb5 Qxb5
22.cxd3 Nc6 23.Rh1 Rxh1 24.Rxh1 Ba6 25.Rd1 Kd7 26.Qc3 Be7 27.Bc1 d5 28.Qg7 Qc5
29.exd5 Nd4 30.dxe6+ fxe6 31.Qe5 Bxd3+ 32.Ka1 Qc3+ 33.Bb2 Nc2+ 34.Kb1 Ne3+
35.Ka1 Qxe5 36.Rxd3+ Qd5 37.Rxd5+ Nxd5 38.Be5 Bd6 39.Kb2 Nxf4 40.Bf6 Nd5  0-1

[Event "Hlohovec op"]
[Site "Hlohovec"]
[Date "1993.??.??"]
[Round "?"]
[White "Kislov, Mikhail"]
[Black "Obodchuk, Andrei"]
[Result "0-1"]
[WhiteElo "2340"]
[BlackElo "2365"]

1.e4 c5 2.Nf3 d6 3.d4 cxd4 4.Nxd4 Nf6 5.Nc3 Nc6 6.Bg5 Bd7 7.Qd2 Rc8 8.O-O-O Nxd4
9.Qxd4 Qa5 10.f4 Rxc3 11.bxc3 e5 12.Qd3 Ng4 13.Qf3 h6 14.Bc4 Qc5 15.Bxf7+ Kxf7
16.fxe5+ Ke8 17.Rhf1 hxg5 18.Qf7+ Kd8 19.e6 Ne5 20.Qf5 Qa3+ 21.Kd2 Bb5 22.Qxg5+ Be7
23.Qxg7 Re8 24.Rf5 Qxa2 25.Rxe5 dxe5 26.Qxe5 Kc8 27.Qxb5 Rd8+ 28.Ke1 Rxd1+
29.Kxd1 Qxe6 30.Qe2 Qd6+ 31.Kc1 Qxh2 32.e5 Qg1+ 33.Kd2 Kc7 34.g4 Qc5 35.Qe4 a5
36.Qf4 Qd5+ 37.Ke1 Qc6 38.e6+ Kb6 39.Qd4+ Qc5 40.Qd7 Qxc3+ 41.Kd1 Qf3+ 42.Kc1 Qf4+  0-1

[Event "Horni Becva op"]
[Site "Horni Becva"]
[Date "1993.??.??"]
[Round "7"]
[White "Manik, Mikulas"]
[Black "Blazkova, Petra"]
[Result "1-0"]
[WhiteElo "2355"]
[BlackElo "2200"]

1.e4 c5 2.Nf3 d6 3.d4 cxd4 4.Nxd4 Nf6 5.Nc3 Nc6 6.Bg5 e6 7.Qd2 a6 8.O-O-O Bd7
9.f4 b5 10.a3 Qb6 11.Nb3 b4 12.axb4 Nxb4 13.Be2 Rb8 14.Qd4 Be7 15.Qxb6 Rxb6
16.Bf3 Bb5 17.Rd2 Nd7 18.Rhd1 Bxg5 19.fxg5 Ke7 20.Rd4 Nc6 21.Rxd6 Nce5 22.Nxb5 axb5
23.R6d4 Rc8 24.Kb1 Rc7 25.Be2 Nc4 26.h4 Nde5 27.g3 Ra6 28.c3 Rca7 29.Bxc4 Nxc4
30.R4d3 Ra2 31.Rd7+ Rxd7 32.Rxd7+ Kxd7 33.Kxa2 Kd6 34.Nd4 Kc5 35.b4+ Kb6
36.Nf3 Ne3 37.Ne5 Nf1 38.Nxf7 Nxg3 39.Nd8 e5 40.Ne6 Nxe4 41.Nxg7 Nxc3+ 42.Kb3 Ne4
43.Ne6 Kc6 44.Kc2 Ng3 45.Kd3 Kd6 46.Nf8 Kd5 47.Nxh7 e4+ 48.Kc3 e3 49.Kd3 e2
50.Nf6+ Ke5 51.Kd2 Kf4 52.g6 Kf3 53.g7 Kf2 54.Ng4+ Kf1 55.Ne3+ Kf2 56.Nc2 Ne4+
57.Kd3 Nf6 58.h5 Ng8 59.Kd4 e1=Q 60.Nxe1 Kxe1 61.Kd5  1-0

[Event "HUN-chT"]
[Site "HUN"]
[Date "1993.??.??"]
[Round "?"]
[White "Tolnai, Tibor"]
[Black "Banas, Jan"]
[Result "1-0"]
[WhiteElo "2500"]
[BlackElo "2370"]

1.e4 c5 2.Nf3 Nc6 3.d4 cxd4 4.Nxd4 Nf6 5.Nc3 d6 6.Bg5 e6 7.Qd2 a6 8.O-O-O Bd7
9.f4 h6 10.Bh4 g5 11.fxg5 Ng4 12.Kb1 Nge5 13.Be2 Be7 14.Bg3 hxg5 15.Nxc6 Bxc6
16.Qe3 Qc7 17.Bd3 b5 18.Ne2 Bd7 19.Nd4 Qc5 20.Be2 b4 21.Rhf1 a5 22.Qf2 Rh7
23.h3 Rc8 24.Bh5 Kd8 25.Bxe5 dxe5 26.Qxf7 exd4 27.Qg8+ Kc7 28.Qxh7 Ba4 29.e5 Kb8
30.Bg6 Bd8 31.b3 Bb5 32.Bd3 Bc6 33.Be4 Qxe5 34.Bxc6 Rxc6 35.Qd3 Rd6 36.Qc4 Rd5
37.Rf8 Qd6 38.Rdf1 e5 39.R1f6 Qd7 40.Rb6+ Ka8 41.Rxd8+  1-0

[Event "HUN-chT"]
[Site "HUN"]
[Date "1993.??.??"]
[Round "?"]
[White "Sziebert, Adam"]
[Black "Gyurkovics, Miklos"]
[Result "1/2-1/2"]
[WhiteElo "2335"]
[BlackElo "2250"]

1.e4 c5 2.Nf3 Nc6 3.d4 cxd4 4.Nxd4 Nf6 5.Nc3 d6 6.Bg5 Bd7 7.Qd2 Rc8 8.O-O-O Nxd4
9.Qxd4 Qa5 10.Be3 a6 11.f3 g6 12.Kb1 Bg7 13.Nd5 Be6 14.Qb6 Qxb6 15.Nxb6 Rc6
16.c4 Nd7 17.Nxd7 Kxd7 18.c5 Kc7 19.b4 dxc5 20.Bxc5 f5 21.Bd3 Bf6 22.Rhe1 b6
23.exf5 Bxa2+ 24.Kxa2 bxc5 25.fxg6 hxg6 26.bxc5 Rxh2 27.Re2 Rxc5 28.Bxg6 Rh4
29.Be4 Rhh5 30.Rc2 Rxc2+ 31.Bxc2 Rb5 32.Bb3  1/2-1/2

[Event "HUN-chT"]
[Site "HUN"]
[Date "1993.??.??"]
[Round "?"]
[White "Juhasz, Jozsef"]
[Black "Sziebert, Adam"]
[Result "1-0"]
[WhiteElo "2235"]
[BlackElo "2295"]

1.e4 c5 2.Nf3 d6 3.d4 cxd4 4.Nxd4 Nf6 5.Nc3 Nc6 6.Bg5 e6 7.Qd2 a6 8.O-O-O h6
9.Bf4 Bd7 10.Nxc6 Bxc6 11.Qe1 b5 12.Kb1 Qb8 13.f3 Be7 14.h4 b4 15.Ne2 e5
16.Bh2 h5 17.Ng3 g6 18.Bc4 O-O 19.Nf1 Qb7 20.Ne3 a5 21.g4 hxg4 22.Qg3 Kg7
23.h5 a4 24.hxg6 fxg6 25.Qh4 Nh5 26.Qxg4 Rxf3 27.Nf5+ Kh7 28.Bxe5 Rxf5 29.exf5  1-0

[Event "HUN-chT"]
[Site "HUN"]
[Date "1993.??.??"]
[Round "?"]
[White "Bauer, Tamas"]
[Black "Groszpeter, Attila"]
[Result "1/2-1/2"]
[WhiteElo "2335"]
[BlackElo "2525"]

1.e4 c5 2.Nf3 d6 3.d4 cxd4 4.Nxd4 Nf6 5.Nc3 Nc6 6.Bg5 e6 7.Qd2 a6 8.O-O-O Bd7
9.f4 Be7 10.Nf3 b5 11.Bxf6 gxf6 12.Ne2 Qa5 13.Kb1 Qxd2 14.Rxd2 Bc8 15.f5 Bb7
16.Nf4 Nd8 17.Bd3 Rg8 18.Re1 Rc8 19.g3 Bf8  1/2-1/2

[Event "HUN-chT"]
[Site "HUN"]
[Date "1993.??.??"]
[Round "?"]
[White "Horvath, Tamas"]
[Black "Gyorkos, Lajos"]
[Result "1-0"]
[WhiteElo "2300"]
[BlackElo "2435"]

1.e4 c5 2.Nf3 d6 3.d4 cxd4 4.Nxd4 Nf6 5.Nc3 Nc6 6.Bg5 e6 7.Qd2 a6 8.O-O-O Bd7
9.f4 b5 10.Nxc6 Bxc6 11.Bd3 Qb6 12.Bxf6 gxf6 13.Kb1 b4 14.Ne2 h5 15.Rhf1 a5
16.Qe1 Rc8 17.Qh4 Be7 18.f5 e5 19.Rd2 a4 20.Rfd1 a3 21.b3 Qe3 22.Qg3 Qc5
23.Qf3 Bb7 24.Bc4 Qb6 25.Bd5 Ba6 26.c4 Bd8 27.Rd3 Qa7 28.h4 Be7 29.Ng3 Bb7
30.Nxh5 Bxd5 31.Rxd5 Rc5 32.R5d2 Qb7 33.g4 Rc7 34.Qe3 Rc5 35.Ng3 Kf8 36.Nh5 Kg8
37.Qf3 Rc7 38.Rd5 Rc5 39.Rxc5 dxc5 40.Rd5 Kf8 41.g5 Qc6 42.Qg4 fxg5 43.hxg5 Rg8
44.f6  1-0

[Event "HUN-chT"]
[Site "HUN"]
[Date "1993.??.??"]
[Round "?"]
[White "Glatt, Gabor"]
[Black "Berebora, Ferenc"]
[Result "0-1"]
[WhiteElo "2295"]
[BlackElo "2410"]

1.e4 c5 2.Nf3 Nc6 3.d4 cxd4 4.Nxd4 Nf6 5.Nc3 d6 6.Bg5 Bd7 7.Be2 Qa5 8.Bxf6 gxf6
9.f4 Nxd4 10.Qxd4 Rg8 11.O-O Bg7 12.f5 Bh6 13.Nd5 Rc8 14.b4 Qa4 15.c4 b6
16.Bd1 Qa6 17.Bb3 b5 18.cxb5 Bxb5 19.Rf3 Bc4 20.b5 Bxb5 21.Rh3 Bg5 22.Rxh7 Qa5
23.h4 Bc1 24.Nxf6+ Kd8 25.Nxg8 Qe1+ 26.Kh2 Bf4+  0-1

[Event "HUN-ch"]
[Site "HUN"]
[Date "1993.??.??"]
[Round "1"]
[White "Tolnai, Tibor"]
[Black "Groszpeter, Attila"]
[Result "1-0"]
[WhiteElo "2490"]
[BlackElo "2515"]

1.e4 c5 2.Nf3 d6 3.d4 cxd4 4.Nxd4 Nf6 5.Nc3 Nc6 6.Bg5 e6 7.Qd3 a6 8.O-O-O Bd7
9.Be2 Qa5 10.Bxf6 gxf6 11.Kb1 Nxd4 12.Qxd4 Be7 13.f4 O-O-O 14.Bg4 Kb8 15.Bh3 Rhe8
16.Rhf1 Qc5 17.Qd2 Bf8 18.Rf3 Bc6 19.Rd3 Rc8 20.a3 Rc7 21.Qe1 Be7 22.Qg3 Rcc8
23.f5 e5 24.Qf3 Rg8 25.Bg4 Rg7 26.Qe2 Bb5 27.Nxb5 Qxb5 28.Bf3 d5 29.exd5 Bd6
30.Qd2 Rg5 31.Rb3 Qd7 32.Qe2 Qa4 33.Be4 Rc4 34.Re1 Kc7 35.g3 Rc5 36.Rb4 Qd7
37.Bd3 Kd8 38.Rh4 Rg7 39.Rh6 Ke7 40.Qh5 Bc7 41.Rxf6 Qxd5 42.Qh4 Kf8 43.Rh6 Qd4
44.Re4 Qg1+ 45.Ka2 Qc1 46.f6 Rg8 47.Rg4  1-0

[Event "HUN-ch"]
[Site "HUN"]
[Date "1993.??.??"]
[Round "5"]
[White "Tolnai, Tibor"]
[Black "Varga, Zoltan"]
[Result "1/2-1/2"]
[WhiteElo "2490"]
[BlackElo "2475"]

1.e4 c5 2.Nf3 Nc6 3.d4 cxd4 4.Nxd4 Nf6 5.Nc3 d6 6.Bg5 e6 7.Qd2 Be7 8.O-O-O O-O
9.f4 h6 10.Bxf6 Bxf6 11.Ndb5 e5 12.Qxd6 exf4 13.Qxd8 Rxd8 14.Rxd8+ Nxd8 15.Nd5  1/2-1/2

[Event "HUN-ch"]
[Site "HUN"]
[Date "1993.??.??"]
[Round "5"]
[White "Leko, Peter"]
[Black "Csom, Istvan"]
[Result "1/2-1/2"]
[WhiteElo "2555"]
[BlackElo "2475"]

1.e4 c5 2.Nf3 d6 3.d4 cxd4 4.Nxd4 Nf6 5.Nc3 Nc6 6.Bg5 e6 7.Qd2 a6 8.O-O-O h6
9.Bf4 Bd7 10.Nxc6 Bxc6 11.f3 d5 12.Qe1 Be7 13.exd5 Nxd5 14.Nxd5 Bxd5 15.Bc4 Bg5
16.g3 Bxf4+ 17.gxf4 O-O 18.Bxd5 exd5 19.Qe5 Re8 20.Qxd5 Qc7 21.Qd6 Qa5 22.a3 Rac8
23.Rhg1 Qf5 24.Rd2 Rc4 25.Kd1 Rxf4 26.Rd5 Qe6 27.Qxe6 Rxe6 28.Rd3 Rh4 29.Rg2 g5
30.Kd2 Kg7 31.Re3 Kf6 32.b3 b5 33.c3 Rxe3 34.Kxe3 Ke5 35.Re2 Kd5 36.Ra2 Kc5
37.Re2 Kd5 38.Rd2+ Kc6 39.Re2 Kd5 40.Rd2+ Kc6 41.Re2 a5 42.Kd3 a4 43.bxa4 Rxa4
44.Re7 Rxa3 45.Rxf7 b4 46.Rf6+ Kb5 47.Rf5+ Kc6 48.Rf6+ Kc5 49.Rxh6 Rxc3+
50.Kd2 Rxf3 51.Kc2 g4 52.Rg6 Rf4 53.Kb3 Kd5 54.Rg5+ Ke6 55.Rh5 Kf6 56.Rh4 Re4
57.Ka4 Kg5 58.Rh8 Kf4 59.Kb3 Ke3 60.Rh4 Kf2 61.Ka4 Kg2 62.Kb3  1/2-1/2

[Event "HUN-ch (Women)"]
[Site "HUN"]
[Date "1993.??.??"]
[Round "9"]
[White "Rajcsanyi, Zita"]
[Black "Grabics, Monika"]
[Result "0-1"]
[WhiteElo "2145"]
[BlackElo "2245"]

1.e4 c5 2.Nf3 Nc6 3.d4 cxd4 4.Nxd4 Nf6 5.Nc3 d6 6.Bg5 e6 7.Bb5 Bd7 8.Bxc6 bxc6
9.Qf3 h6 10.Bh4 c5 11.Ndb5 Rb8 12.e5 dxe5 13.Rd1 Qb6 14.Bxf6 gxf6 15.Qxf6 Rh7
16.Qxe5 Bxb5 17.Nd5 Bg7 18.Qe4 f5 19.Qe3 Qc6 20.b3 Kf7 21.Nf4 Bd4 22.Qg3 Rg7  0-1

[Event "ISL-ch"]
[Site "?"]
[Date "1993.??.??"]
[Round "7"]
[White "Bjornsson, Tomas"]
[Black "Vidarsson, Jon G"]
[Result "1/2-1/2"]
[WhiteElo "2290"]
[BlackElo "2325"]

1.e4 c5 2.Nf3 Nc6 3.d4 cxd4 4.Nxd4 Nf6 5.Nc3 d6 6.Bg5 e6 7.Qd2 a6 8.O-O-O h6
9.Bf4 Bd7 10.Nxc6 Bxc6 11.f3 d5 12.Qe1 Bb4 13.a3 Ba5 14.b4 Bb6 15.exd5 Bxd5
16.Be5 O-O 17.Qh4 Be3+ 18.Kb1  1/2-1/2

[Event "ITA-chT"]
[Site "ITA"]
[Date "1993.??.??"]
[Round "4"]
[White "Bellini, Fabio"]
[Black "Grosar, Aljosa"]
[Result "0-1"]
[WhiteElo "2340"]
[BlackElo "2480"]

1.e4 c5 2.Nf3 d6 3.d4 cxd4 4.Nxd4 Nf6 5.Nc3 Nc6 6.Bg5 e6 7.Qd2 a6 8.O-O-O Bd7
9.f4 b5 10.Bxb5 axb5 11.Ndxb5 Nb4 12.a3 Na2+ 13.Nxa2 Bxb5 14.e5 dxe5 15.Qxd8+ Rxd8
16.Rxd8+ Kxd8 17.fxe5 h6 18.Bh4 g5 19.Rd1+ Kc8 20.Be1 Ng4 21.Bc3 Nxh2 22.Nb4 Ng4
23.Re1 h5 24.b3 h4 25.a4 Bxb4 26.Bxb4 Bc6 27.Re2 Bxg2 28.Rxg2 h3 29.Rxg4 h2
30.Bd2 h1=Q+ 31.Kb2 Qd1 32.Rc4+ Kb7  0-1